| 000 | 00410nam a22001457a 4500 | ||
|---|---|---|---|
| 008 | 150416b xxu||||| |||| 00| 0 eng d | ||
| 020 | _a9781320971553 | ||
| 050 | _aHV5275L984 | ||
| 100 |
_aLykes, J.D. _917146 |
||
| 245 |
_aAlcoholics anonymous _c/by Jefferey Daniel Lykes |
||
| 260 |
_aUSA _bJDL books _c2015 |
||
| 300 |
_a15p. ; _c21cm. |
||
| 650 |
_aAlcoholics Anonymous _917147 |
||
| 942 |
_2lcc _cMONOGRAPH |
||
| 999 |
_c122652 _d122652 |
||